International Economics (Record no. 16398)

MARC details
000 -LEADER
fixed length control field 00497nam a22001817a 4500
008 - FIXED-LENGTH DATA ELEMENTS--GENERAL INFORMATION
fixed length control field 260422b |||||||| |||| 00| 0 eng d
020 ## - INTERNATIONAL STANDARD BOOK NUMBER
International Standard Book Number 9788199103009
Price 440.00
040 ## - CATALOGING SOURCE
Original Cataloguing agency Sibsagar Commerce College Central Library
041 ## - LANGUAGE CODE
Language code of text/sound track or separate title English
082 ## - DEWEY DECIMAL CLASSIFICATION NUMBER
Classification number 337
Book Number AHM
100 ## - MAIN ENTRY--PERSONAL NAME
Personal name Ahmed, Rofique.
245 ## - TITLE STATEMENT
Title International Economics
Statement of responsibility, etc. By Rofique Ahmed.
260 ## - PUBLICATION, DISTRIBUTION, ETC.
Place of publication, distribution, etc. Jorhat:
Name of publisher, distributor, etc. North East Institute of Research Consultancy & Publication
Date of publication, distribution, etc. 2025.
300 ## - PHYSICAL DESCRIPTION
Pages 332p.
650 ## - Subject
Subject Economic
942 ## - ADDED ENTRY ELEMENTS (KOHA)
Source of classification or shelving scheme Dewey Decimal Classification
Koha item type Books
Holdings
Withdrawn status Lost status Source of classification or shelving scheme Damaged status Not for loan Collection code Home library Current library Shelving location Date acquired Source of acquisition Total Checkouts Full call number Barcode Date last seen Copy number Cost, replacement price Price effective from Koha item type Cost, normal purchase price
    Dewey Decimal Classification     Economics Sibsagar Commerce College Central Library Sibsagar Commerce College Central Library General Stacks 22/04/2026 Kitap Ghar   337 AHM 29333 22/04/2026 1 880.00 22/04/2026 Books  
    Dewey Decimal Classification     Economics Sibsagar Commerce College Central Library Sibsagar Commerce College Central Library General Stacks 10/04/2026 Kitap Ghar   337 AHM 29331 23/04/2026 2 880.00 23/04/2026 Books 440.00
    Dewey Decimal Classification     Economics Sibsagar Commerce College Central Library Sibsagar Commerce College Central Library General Stacks 10/04/2026 Kitap Ghar   337 AHM 29332 23/04/2026 3 880.00 23/04/2026 Books 440.00


Sibsagar Commerce College © 2020. All rights reserved.
Powered by Koha.
Hosted by LIBKART.